[Event "Kosovo-chT"]
[Site "Pristina"]
[Date "2021.05.17"]
[Round "4.1"]
[White "Fejzullahu, Afrim"]
[Black "Hana, Arsim"]
[Result "1-0"]
[WhiteElo "2256"]
[BlackElo "2030"]
[PlyCount "53"]
[EventDate "2021.05.15"]
[EventType "team-tourn"]
[EventRounds "7"]
[EventCountry "KOS"]
[SourceTitle "CBM 202 Extra"]
[Source "ChessBase"]
[SourceDate "2021.07.31"]
[SourceVersion "1"]
[SourceVersionDate "2021.07.31"]
[SourceQuality "1"]
[WhiteTeam "Drejtesia"]
[BlackTeam "Vellaznimi"]
[WhiteTeamCountry "KOS"]
[BlackTeamCountry "KOS"]

1. e4 d5 2. exd5 Qxd5 3. Nc3 Qd6 4. d4 Bf5 5. Qf3 Bc8 6. Bc4 Nf6 7. Nge2 c6 8. Bf4 Qd8 9. h3 e6 10. 0-0-0 Nbd7 11. g4 Nb6 12. Bb3 a5 13. a4 Be7 14. Ng3 Nfd5 15. Bd2 Nxc3 16. bxc3 Qc7 17. Bf4 Bd6 18. Bxd6 Qxd6 19. Ne4 Qe7 20. g5 Nd7 21. Rhg1 g6 22. Qf4 Kf8 23. h4 b6 24. h5 Ba6 25. h6 Rc8 26. Nd6 Rd8 27. Rde1 1-0

[Event "KOS-chT"]
[Site "Pristina"]
[Date "2017.05.23"]
[Round "7.5"]
[White "Hana, Arsim"]
[Black "Rushiti, Halit"]
[Result "1-0"]
[WhiteElo "2041"]
[BlackElo "1954"]
[PlyCount "94"]
[EventDate "2017.05.17"]
[EventType "team-tourn"]
[EventRounds "7"]
[EventCountry "KOS"]
[SourceTitle "CBM 178 Extra"]
[Source "ChessBase"]
[SourceDate "2017.06.22"]
[SourceVersion "1"]
[SourceVersionDate "2017.06.22"]
[SourceQuality "1"]
[WhiteTeam "Vellaznimi"]
[BlackTeam "Llamkos"]
[WhiteTeamCountry "KOS"]
[BlackTeamCountry "KOS"]

1. d4 d5 2. c4 Nf6 3. g3 c6 4. Nf3 dxc4 5. Bg2 g6 6. 0-0 Nbd7 7. Qc2 Nb6 8. e4 Bg7 9. h3 0-0 10. Rd1 Be6 11. a4 a5 12. Be3 Ra6 13. Na3 Qc8 14. Ng5 Rd8 15. Rac1 h6 16. Nxe6 Qxe6 17. Kh2 g5 18. Rd2 Kh8 19. Rcd1 Kg8 20. d5 cxd5 21. Bxb6 Rxb6 22. exd5 Qc8 23. Nxc4 Rb4 24. b3 Qc5 25. Qa2 Ne8 26. d6 exd6 27. Rd5 Qc7 28. Ne3 Nf6 29. R5d3 Rb6 30. Nd5 Nxd5 31. Bxd5 Kh8 32. Qe2 Rf8 33. Qh5 Qd8 34. Rf3 Qe7 35. Rf5 Rb4 36. Qf3 b5 37. axb5 Rxb5 38. Rd3 Rbb8 39. Re3 Qc7 40. Qh5 Rbd8 41. Ref3 f6 42. Qg6 Rde8 43. Bc4 Re5 44. Rxf6 Rxf6 45. Rxf6 d5 46. Ra6 Qc8 47. Bd3 Kg8 1-0

[Event "KOS-chT"]
[Site "Pristina"]
[Date "2017.05.17"]
[Round "1.6"]
[White "Tahiri, Daut"]
[Black "Hana, Arsim"]
[Result "0-1"]
[WhiteElo "2105"]
[BlackElo "2041"]
[PlyCount "84"]
[EventDate "2017.05.17"]
[EventType "team-tourn"]
[EventRounds "7"]
[EventCountry "KOS"]
[SourceTitle "CBM 178 Extra"]
[Source "ChessBase"]
[SourceDate "2017.06.22"]
[SourceVersion "1"]
[SourceVersionDate "2017.06.22"]
[SourceQuality "1"]
[WhiteTeam "Pristina"]
[BlackTeam "Vellaznimi"]
[WhiteTeamCountry "KOS"]
[BlackTeamCountry "KOS"]

1. Nf3 d5 2. d4 c6 3. Nbd2 Nf6 4. e3 e6 5. c4 Nbd7 6. Bd3 Be7 7. 0-0 0-0 8. Qc2 h6 9. b3 a6 10. Bb2 dxc4 11. Nxc4 Nd5 12. a3 c5 13. Rfd1 cxd4 14. Nxd4 Qc7 15. b4 N7b6 16. Qe2 Na4 17. Rac1 Nxb2 18. Nxb2 Qb8 19. Nc4 Bd7 20. Be4 Bd8 21. Qf3 Ba4 22. Rd2 Bc6 23. Nxc6 bxc6 24. Nb2 a5 25. bxa5 Rxa5 26. Nc4 Rc5 27. Bd3 Bf6 28. Qh5 Qa7 29. Qf3 Nb6 30. Qe4 g6 31. Ra2 Kg7 32. g3 Nd5 33. Qg4 Ne7 34. h4 Rd8 35. Be2 Qa4 36. Rcc2 Nd5 37. h5 g5 38. Bf1 Nc3 39. Rab2 Nb5 40. Rb4 Qxc2 41. Kg2 Qf5 42. Qe2 Nc3 0-1

[Event "Niedersachsen-ch op"]
[Site "Verden"]
[Date "2011.01.05"]
[Round "7"]
[White "Aydin, Halim"]
[Black "Hana, Arsim"]
[Result "0-1"]
[WhiteElo "1829"]
[BlackElo "2050"]
[PlyCount "90"]
[EventDate "2011.01.02"]
[EventType "swiss"]
[EventRounds "7"]
[EventCountry "GER"]
[SourceTitle "EXT 2018"]
[Source "ChessBase"]
[SourceDate "2017.10.13"]
[SourceVersion "1"]
[SourceVersionDate "2017.10.13"]
[SourceQuality "1"]

1. d4 Nf6 2. c4 e6 3. Nc3 d5 4. Bg5 Be7 5. e3 c6 6. Nf3 Nbd7 7. c5 0-0 8. b4 Ne4 9. Nxe4 dxe4 10. Bxe7 Qxe7 11. Nd2 f5 12. Be2 Nf6 13. Qb3 Kh8 14. Nc4 Bd7 15. 0-0 Be8 16. a4 Bh5 17. Bxh5 Nxh5 18. f3 exf3 19. Rxf3 Nf6 20. Nd6 a6 21. Raf1 b5 22. Ra1 g6 23. Qb2 Kg8 24. Rff1 Nd5 25. Rfe1 Qg5 26. axb5 axb5 27. Ra3 Qh5 28. g3 Qg4 29. Kg2 f4 30. Rxa8 Rxa8 31. e4 Nxb4 32. Ra1 f3+ 33. Kh1 Rf8 34. Qc3 Qh3 35. Qd2 f2 36. Qe2 Nc2 37. Rf1 Nxd4 38. Qd1 e5 39. Qa1 Qg4 40. Qc3 Qe2 41. Kg2 Nc2 42. Qb3+ Kg7 43. Nf5+ Rxf5 44. exf5 Ne3+ 45. Kh3 Qh5# 0-1

[Event "Niedersachsen-ch op"]
[Site "Verden"]
[Date "2011.01.03"]
[Round "4"]
[White "Hana, Arsim"]
[Black "Duessler, Stefanie"]
[Result "1/2-1/2"]
[WhiteElo "2050"]
[BlackElo "1871"]
[PlyCount "48"]
[EventDate "2011.01.02"]
[EventType "swiss"]
[EventRounds "7"]
[EventCountry "GER"]
[SourceTitle "EXT 2018"]
[Source "ChessBase"]
[SourceDate "2017.10.13"]
[SourceVersion "1"]
[SourceVersionDate "2017.10.13"]
[SourceQuality "1"]

1. d4 f5 2. e4 fxe4 3. f3 Nf6 4. Nc3 Nc6 5. fxe4 e5 6. d5 Ne7 7. d6 cxd6 8. Bd3 d5 9. exd5 d6 10. Nf3 Qb6 11. Qe2 Nexd5 12. Nxd5 Nxd5 13. Ng5 Nf6 14. Qf3 Qb4+ 15. c3 Qg4 16. Bb5+ Bd7 17. Bxd7+ Qxd7 18. 0-0 Be7 19. Qd3 g6 20. Ne4 Nxe4 21. Qxe4 Qc6 22. Qg4 Qd7 23. Qf3 Rf8 24. Qd5 Rf5 1/2-1/2

[Event "Niedersachsen-ch op"]
[Site "Verden"]
[Date "2011.01.02"]
[Round "2"]
[White "Hana, Arsim"]
[Black "Arndt, Felix"]
[Result "1-0"]
[WhiteElo "2050"]
[BlackElo "1814"]
[PlyCount "71"]
[EventDate "2011.01.02"]
[EventType "swiss"]
[EventRounds "7"]
[EventCountry "GER"]
[SourceTitle "EXT 2018"]
[Source "ChessBase"]
[SourceDate "2017.10.13"]
[SourceVersion "1"]
[SourceVersionDate "2017.10.13"]
[SourceQuality "1"]

1. d4 Nf6 2. c4 g6 3. g3 Bg7 4. Bg2 0-0 5. Nf3 d6 6. Nc3 Nbd7 7. 0-0 c6 8. h3 e5 9. e4 Qc7 10. Be3 h6 11. Rc1 Ne8 12. Qd2 Kh7 13. g4 Nb6 14. b3 f5 15. dxe5 dxe5 16. c5 f4 17. cxb6 fxe3 18. Qxe3 Qxb6 19. Qd3 Be6 20. Na4 Qc7 21. Rfd1 Bg8 22. Nc5 Rf6 23. Qd7 Qxd7 24. Rxd7 b6 25. Nd3 Rd6 26. Rxd6 Nxd6 27. Rxc6 Nxe4 28. Nfxe5 Bd5 29. Rc7 Nf6 30. Bxd5 Nxd5 31. Rd7 Nc3 32. Nf4 Nxa2 33. Nexg6 Nc1 34. Nh4 Kg8 35. Nf5 Bf8 36. Nh5 1-0